Zwierzchnicy Kościoła Polskiego - Statystyki

Ogólne statystyki
  • Ten quiz został rozwiązany 46 razy
  • Średni wynik to 8 z 95
Statystyki odpowiedzi
Hint Odpowiedź % Poprawnych
1948 - 1981 Stefan Wyszyński
89%
od 2014 Wojciech Polak
70%
1981 - 2009 Józef Glemp
59%
1926 - 1948 August Hlond
57%
968 - 982/84 Jordan
41%
2010 - 2014 Józef Kowalczyk
41%
1027 - 1028 Bossuta Stefan
32%
1283 - 1314 Jakub Świnka
30%
1925 - 1938 Aleksander Kakowski
27%
2009 - 2010 Henryk Muszyński
27%
1000 - ???? Radzim Gaudenty
27%
1412 - 1422 Mikołaj Trąba
24%
1866 - 1886 Mieczysław Ledóchowski
22%
1481 - 1493 Zbigniew Oleśnicki
22%
1915 - 1926 Edmund Dalbor
16%
1785 - 1794 Michał Jerzy Poniatowski
14%
1072 - 1079 Stanisław ze Szczepanowa
14%
1493 - 1503 Fryderyk Jagiellończyk
11%
1886 - 1890 Julius Dinder
11%
1795 - 1801 Ignacy Krasicki
8%
1828 - 1829 Jan Paweł Woronicz
8%
1687 - 1705 Michał Stefan Radziejowski
8%
1606 - 1608 Bernard Maciejowski
5%
1914 - 1915 Edward Likowski
5%
1767 - 1777 Gabriel Podoski
5%
1342 - 1374 Jarosław Bogoria
5%
1673 - 1674 Kazimierz Florian Czartoryski
5%
ok. 1099 - po 1112 Marcin
5%
1232 - 1258 Pełka
5%
982/992 - 1000 Unger
5%
1423 - 1436 Wojciech Jastrzębiec
5%
1046 - 1059 Aaron
3%
1653 - 1658 Andrzej Leszczyński
3%
1075 - 1092 Bogumił
3%
1314 - 1317 Borzysław
3%
1891 - 1906 Florian Stablewski
3%
1199 - 1219 Henryk Kietlicz
3%
przed 1025 - 1027 Hipolit
3%
1562 - 1581 Jakub Uchański
3%
1317 - 1341 Janisław
3%
1389 - 1394 Jan Kropidło
3%
1638 - 1641 Jan Lipski
3%
1258 - 1271 Janusz
3%
1374 - 1382 Janusz Suchywilk
3%
1845 - 1865 Leon Przyłuski
3%
1641 - 1652 Maciej Łubieński
3%
1831 - 1842 Marcin Dunin
3%
1278 Marcin z Opawy
3%
1819 - 1822 Szczepan Hołowczyc
3%
1723 - 1738 Teodor Potocki
3%
1659 - 1666 Wacław Leszczyński
3%
1436 - 1448 Wincenty Kot
3%
1759 - 1767 Władysław Andrzej Łubieński
3%
1449 - 1453 Władysław Oporowski
3%
1749 - 1759 Adam Ignacy Komorowski
0%
1503 - 1510 Andrzej Boryszewski
0%
1535 - 1537 Andrzej Krzycki
0%
1674 - 1677 Andrzej Olszowski
0%
1777 - 1784 Antoni Kazimierz Ostrowski
0%
1382 - 1388 Bodzęta
0%
lata 80. XII w. Bogumił z Dobrowa
0%
1394 - 1401 Dobrogost z Nowego Dworu
0%
1818 -1819 Franciszek Malczewski
0%
1624 - 1626 Henryk Firlej
0%
ok. 1092 Henryk z Wulzburga
0%
1806 - 1818 Ignacy Antoni Raczyński
0%
przed 1136 -1148 Jakub ze Żnina
0%
1474 - 1480 Jakub z Sienna
0%
1464 - 1473 Jan Gruszczyński
0%
1149 - po 1167 Jan Gryfita
0%
1510 - 1531 Jan Łaski
0%
1537 - 1540 Jan Latalski
0%
1559 - 1562 Jan Przerębski
0%
1453 - 1464 Jan Sprowski
0%
1677 - 1685 Jan Stefan Wydżga
0%
1603 - 1605 Jan Tarnowski
0%
1627 - 1638 Jan Wężyk
0%
1739 - 1748 Krzysztof Antoni Szembek
0%
1061 - 1071 Lambert II Suła
0%
1531 - 1535 Maciej Drzewicki
0%
1545 - 1559 Mikołaj Dzierzgowski
0%
1666 - 1673 Mikołaj Jan Prażmowski
0%
1402 - 1411 Mikołaj Kurowski
0%
1541 - 1545 Piotr Gamrat
0%
1191 - 1198 Piotr Łabędź
0%
1030/32 - 1046 Rachelin
0%
1581 - 1603 Stanisław Karnkowski
0%
1706 - 1721 Stanisław Szembek
0%
1828 - 1829 Teofil Wolicki
0%
1821 - 1825 Tymoteusz Gorzeński
0%
1616 - 1624 Wawrzyniec Gembicki
0%
1220 - 1232 Wincenty z Niałka
0%
1608 - 1615 Wojciech Baranowski
0%
1824 - 1827 Wojciech Skarszewski
0%
1177 - po 1180 Zdzisław
0%
Nie znaleziono quizów pasujących do podanych kryteriów
Rozkład punktacji
Procent ludzi z każdym wynikiem
Percentyl według liczby udzielonych odpowiedzi
Twoja historia wyników
Nie rozwiązałeś tego quizu